000 01255nam0a2200349 4500
001 RU\NLR\bibl\975626
005 20250614212758.0
010 _a5-17-035562-9
010 _a5-271-13161-0
_94000
021 _aRU
_b2006-40924
_92051
035 _a(NLR Aleph) 000963551
090 _a354652
_c354652
100 _a20060816d2006 |||y0rusy50 ca
101 1 _arus
_ceng
102 _aRU
105 _aa |||||||||
200 1 _a100 лучших альбомов 1980-х
_fПитер Додд, Джастин Каутроун, Крис Баррет, Дэн Оти
_g[пер. с англ. И. Борисовой]
210 _aМосква
_cАСТ
_cАстрель
_d2006
215 _a224 с.
_cцв. ил.
_d15
320 _aУказ.: с. 220-224
606 1 _aЭстрадная музыка
_xДискография
_y1980-ые гг.
_92438903
_3RU\NLR\auth\661451070
686 _aЩ364.13(0)6я179Фн
686 _aЩ313(0)6я179Фн
701 1 _aДодд
_bП.
_gПитер
_4070
701 1 _aКаутроун
_bД.
_gДжастин
_4070
701 1 _aБаррет
_bК.
_gКрис
_4070
701 1 _aОти
_bД.
_gДэн
_4070
801 0 _aRU
_bNLR
_c20060816
_grcr
801 1 _aRU
_bNLR
_c20060816
942 _cBOOK
980 _aNB